01821nam a2200157 a 4500008004100000020001800041041000800059100001800067245008900085250004100174260003600215300001100251500013000262505125600392655001501648180523s2014 es ||||gr|||| 000 f spa d a9788466655569 aspa1 aMorrissey, Di 3aEl secreto de la perla.bLa emocionante historia de un amor infinito /cDi Morrissey a1a ed.bTraducción Efren del Valle aBarcelona:bEdiciones B;c2014. a538 p. aMorrissey, D. (2014). El secreto de la perla. La emocionante historia de un amor infinito. (1a ed.). Barcelona : Ediciones B. aNunca antes, desde El pájaro canta hasta morir, se ha retratado tan intensa y vívidamente el exuberante y romántico paisaje de Australia. Una emocionante novela firmada por Di Morrissey, la autora de mayor éxito en Oceanía, con más de veinte títulos publicados y dos millones de ejemplares vendidos, y que llega por fin a nuestro país. Broome, Australia, 1893. Es la época dorada, deslumbrante, salvaje y apasionada de la industria de la perla. Allí los inmigrantes europeos encuentran un continente inexplorado y la antigua cultura aborigen. Es en este contexto que la joven Olivia Hennessy se encuentra con el gallardo capitán Tyndall, quien le hace una tentadora oferta: que se una a él en sus actividades relacionadas con la pesca perlera. Sídney, Australia, 1995. Lily Barton es una mujer hermosa, brillante como el nácar. No sabe cuáles son su orígenes, y siempre se ha sentido ansiosa por aprender más sobre su pasado. Buscando hallar su identidad y su legado, se embarca hacia Broome en busca de sus raíces familiares. Allí descubrirá el diario de su bisabuela Olivia. Pero su búsqueda de una identidad revela mucho más de lo que podía haber imaginado. Pronto descubrirá el secreto de la perla.  aLiteratura